<?xml version="1.0" encoding="UTF-8"?>
<record
    xmlns:xsi="http://www.w3.org/2001/XMLSchema-instance"
    xsi:schemaLocation="http://www.loc.gov/MARC21/slim http://www.loc.gov/standards/marcxml/schema/MARC21slim.xsd"
    xmlns="http://www.loc.gov/MARC21/slim">

  <leader>03347nam a2200601Ia 4500</leader>
  <controlfield tag="001">2487</controlfield>
  <controlfield tag="008">241029s9999    xx            000 0 und d</controlfield>
  <datafield tag="010" ind1=" " ind2=" ">
    <subfield code="a">2337</subfield>
  </datafield>
  <datafield tag="041" ind1=" " ind2=" ">
    <subfield code="a">Espa&#xF1;ol</subfield>
  </datafield>
  <datafield tag="082" ind1=" " ind2=" ">
    <subfield code="a">M. F. F. 012</subfield>
  </datafield>
  <datafield tag="245" ind1=" " ind2="0">
    <subfield code="a">Formaci&#xF3;n en competencias para el liderazgo del estudiantado de Educaci&#xF3;n F&#xED;sica del Instituto Superior de Formaci&#xF3;n Docente Salom&#xE9; Ure&#xF1;a, Recinto Luis Napole&#xF3;n N&#xFA;&#xF1;ez Molina, Licey al Medio, Santiago</subfield>
  </datafield>
  <datafield tag="260" ind1=" " ind2=" ">
    <subfield code="a">Santiago</subfield>
  </datafield>
  <datafield tag="300" ind1=" " ind2=" ">
    <subfield code="a">74</subfield>
  </datafield>
  <datafield tag="520" ind1=" " ind2=" ">
    <subfield code="a">27</subfield>
  </datafield>
  <datafield tag="630" ind1=" " ind2=" ">
    <subfield code="a">Competencias</subfield>
  </datafield>
  <datafield tag="630" ind1=" " ind2=" ">
    <subfield code="a">Educaci&#xF3;n F&#xED;sica</subfield>
  </datafield>
  <datafield tag="630" ind1=" " ind2=" ">
    <subfield code="a">Estudiantes</subfield>
  </datafield>
  <datafield tag="630" ind1=" " ind2=" ">
    <subfield code="a">Formaci&#xF3;n Profesional de Maestros</subfield>
  </datafield>
  <datafield tag="630" ind1=" " ind2=" ">
    <subfield code="a">Liderazgo</subfield>
  </datafield>
  <datafield tag="650" ind1=" " ind2=" ">
    <subfield code="a">Formaci&#xF3;n Docente</subfield>
  </datafield>
  <datafield tag="690" ind1=" " ind2=" ">
    <subfield code="a">Elaborado</subfield>
  </datafield>
  <datafield tag="700" ind1=" " ind2=" ">
    <subfield code="e">asesor</subfield>
    <subfield code="a">Contreras, Ana Dolores </subfield>
  </datafield>
  <datafield tag="700" ind1=" " ind2=" ">
    <subfield code="e">autor</subfield>
    <subfield code="a"> Reyes Mirabal, Julio</subfield>
  </datafield>
  <datafield tag="700" ind1=" " ind2=" ">
    <subfield code="e">autor</subfield>
    <subfield code="a">Bencosme Casta&#xF1;o,  Cesarina </subfield>
  </datafield>
  <datafield tag="700" ind1=" " ind2=" ">
    <subfield code="e">autor</subfield>
    <subfield code="a">Cuello Reyes, Rafael </subfield>
  </datafield>
  <datafield tag="700" ind1=" " ind2=" ">
    <subfield code="e">asesor</subfield>
    <subfield code="a"> Latorre, Antonio</subfield>
  </datafield>
  <datafield tag="901" ind1=" " ind2=" ">
    <subfield code="a">{"1":" Reyes Mirabal","2":"Bencosme Casta&#xF1;o","3":"Cuello Reyes"}</subfield>
    <subfield code="b">{"1":"Julio","2":" Cesarina ","3":"Rafael "}</subfield>
  </datafield>
  <datafield tag="902" ind1=" " ind2=" ">
    <subfield code="a">2</subfield>
  </datafield>
  <datafield tag="903" ind1=" " ind2=" ">
    <subfield code="a">{"1":" Latorre","2":"Contreras"}</subfield>
    <subfield code="b">{"1":"Antonio","2":"Ana Dolores "}</subfield>
  </datafield>
  <datafield tag="904" ind1=" " ind2=" ">
    <subfield code="a">Maestr&#xED;a en</subfield>
  </datafield>
  <datafield tag="905" ind1=" " ind2=" ">
    <subfield code="a">Formaci&#xF3;n de Formadores</subfield>
  </datafield>
  <datafield tag="906" ind1=" " ind2=" ">
    <subfield code="a">2</subfield>
  </datafield>
  <datafield tag="907" ind1=" " ind2=" ">
    <subfield code="a">NO APLICA</subfield>
  </datafield>
  <datafield tag="908" ind1=" " ind2=" ">
    <subfield code="a">NO APLICA</subfield>
  </datafield>
  <datafield tag="909" ind1=" " ind2=" ">
    <subfield code="a">ISFODOSU, Recinto Lu&#xED;s Napole&#xF3;n N&#xFA;&#xF1;ez Molina</subfield>
  </datafield>
  <datafield tag="910" ind1=" " ind2=" ">
    <subfield code="a">NULL</subfield>
    <subfield code="b">NULL</subfield>
  </datafield>
  <datafield tag="911" ind1=" " ind2=" ">
    <subfield code="a">["1"]</subfield>
  </datafield>
  <datafield tag="912" ind1=" " ind2=" ">
    <subfield code="a">Universidad de Barcelona, Espa&#xF1;a</subfield>
  </datafield>
  <datafield tag="913" ind1=" " ind2=" ">
    <subfield code="a">NULL</subfield>
  </datafield>
  <datafield tag="914" ind1=" " ind2=" ">
    <subfield code="a">06 de Octubre de 2009</subfield>
  </datafield>
  <datafield tag="915" ind1=" " ind2=" ">
    <subfield code="a">18/07/15 02:07</subfield>
  </datafield>
  <datafield tag="916" ind1=" " ind2=" ">
    <subfield code="a">NULL</subfield>
  </datafield>
  <datafield tag="917" ind1=" " ind2=" ">
    <subfield code="a">NULL</subfield>
  </datafield>
  <datafield tag="918" ind1=" " ind2=" ">
    <subfield code="a">NO APLICA</subfield>
  </datafield>
  <datafield tag="919" ind1=" " ind2=" ">
    <subfield code="a">["40","295","96","109","131"]</subfield>
  </datafield>
  <datafield tag="520" ind1=" " ind2=" ">
    <subfield code="a">El estudio se plante&#xF3; como objetivos principales desarrollar las competencias b&#xE1;sicas de liderazgo en los &#xA0;estudiantes del programa de Educaci&#xF3;n F&#xED;sica del Instituto Superior de Formaci&#xF3;n Docente Salom&#xE9; Ure&#xF1;a, Recinto Luis Napole&#xF3;n N&#xFA;&#xF1;ez Molina, Santiago y formar l&#xED;deres educativos para mejorar la interacci&#xF3;n entre el alumnado y el profesorado de Educaci&#xF3;n F&#xED;sica, as&#xED; mismo promover las estrategias para la mejora de las competencias de liderazgo que debe tener el profesor de Educaci&#xF3;n F&#xED;sica. La metodolog&#xED;a utilizada en el estudio fue la modalidad de investigaci&#xF3;n acci&#xF3;n y se fundament&#xF3; en el m&#xE9;todo de la encuesta. Como instrumento se utiliz&#xF3; el cuestionario. Se trabaj&#xF3; con una poblaci&#xF3;n de 36 estudiantes.Entre las conclusiones m&#xE1;s notables, est&#xE1;n que el estudiantado mejor&#xF3; su actitud de liderazgo, ya que durante las intervenciones fueron adquiriendo competencias por medio de estrategias que promovieron la organizaci&#xF3;n y direcci&#xF3;n necesaria, mejoraron su capacidad de direcci&#xF3;n grupal, lograron una participaci&#xF3;n activa en los trabajos en equipo y colaborando en las tareas del grupo.Entre las principales recomendaciones del estudio, se destacan propiciar cursos, talleres, seminarios sobre investigaci&#xF3;n acci&#xF3;n y de competencias de liderazgo para mejorar la calidad educativa en el docente y el estudiantado.Adem&#xE1;s gestionar programas de formaci&#xF3;n continua, que incluyan diplomados y cursos - talleres para el mejoramiento de las competencias en el liderazgo docente.</subfield>
  </datafield>
  <datafield tag="921" ind1=" " ind2=" ">
    <subfield code="a">11</subfield>
  </datafield>
  <datafield tag="922" ind1=" " ind2=" ">
    <subfield code="a">11</subfield>
  </datafield>
  <datafield tag="923" ind1=" " ind2=" ">
    <subfield code="a">0</subfield>
  </datafield>
  <datafield tag="924" ind1=" " ind2=" ">
    <subfield code="a">NO APLICA</subfield>
  </datafield>
  <datafield tag="942" ind1=" " ind2=" ">
    <subfield code="c">Tesis</subfield>
  </datafield>
  <datafield tag="999" ind1=" " ind2=" ">
    <subfield code="c">2337</subfield>
    <subfield code="d">2337</subfield>
  </datafield>
</record>
